00982 a2200217 4500003000500000005001700005010001600022020001500038040000900053082001200062100004200074245007000116260004200186300003000228505029900258650002000557700003500577942001200612999001900624952012100643Nust20221013112755.0 a 76175188 a0801621658 cNust00a574,HIC1 aHickman, Cleveland Pendleton,910009610aBiology of animals /cCleveland P. Hickman, Cleveland P. Hickman, aSaint Louis,bC. V. Mosby Co.,c1972. ax, 522 p.billus.c27 cm. aPart-1: How Life Differs from the Nonliving (Page-3), Part-2: The Organization of the animal Body (Page-35), Part-3: Physiology of Animals (Page-83), Part -4: Environmental Relations of the Animal (Page-195), Part-5: The Continuity of Life (Page-255), Part-6: The Diversity of Life (Page-351).  0aZoology.9295581 aHickman, Cleveland P.,9100097 2ddccBK c182833d182833 00102ddc4070aMCSbMCScGENd2016-12-12o574,HICpMCS20740r2016-12-08w2016-12-12yBKzAlmirah No.25, Shelf No.6